000 00424nam a2200157 i 4500
001 145583
003 ES-MaACL
005 20230906201248.0
007 t|
008 071015s1962 sp ||||1| spa d
100 1 _aVeyra, Jaime C. de.
_9114239
245 1 3 _aLa Hispanidad en Filipinas /
_cJaime C. de Veyra.
260 _aMadrid :
_b[s.n.,
_c1962]
300 _a106 p. ;
_c16 cm.
852 _aES-MaACL
_jC-21508
_bR.49701
999 _c145583
_d145583